Countries of the world ( alphabetic ) - Statistics

General Stats
  • This quiz has been taken 7 times
  • The average score is 45 of 193
Answer Stats
Answer % Correct
Angola
80%
Australia
80%
Chile
80%
Albania
60%
Algeria
60%
Austria
60%
Bahrain
60%
Belgium
60%
Belize
60%
Benin
60%
Brazil
60%
China
60%
Colombia
60%
Croatia
60%
Guatemala
60%
Libya
60%
Mexico
60%
Peru
60%
United States
60%
Afghanistan
40%
Andorra
40%
Antigua and Barbuda
40%
Argentina
40%
Bahamas
40%
Barbados
40%
Belarus
40%
Bhutan
40%
Bolivia
40%
Bosnia and Herzegovina
40%
Botswana
40%
Brunei
40%
Burkina Faso
40%
Burundi
40%
Canada
40%
Costa Rica
40%
Cuba
40%
Cyprus
40%
Czechia
40%
Egypt
40%
Fiji
40%
Finland
40%
Greece
40%
Guyana
40%
Honduras
40%
Iceland
40%
Italy
40%
Japan
40%
Liberia
40%
Malawi
40%
Monaco
40%
Morocco
40%
Nicaragua
40%
Norway
40%
Portugal
40%
Qatar
40%
Russia
40%
Samoa
40%
Serbia
40%
Spain
40%
Suriname
40%
Sweden
40%
Togo
40%
United Kingdom
40%
Venezuela
40%
Armenia
20%
Azerbaijan
20%
Bangladesh
20%
Bulgaria
20%
Cameroon
20%
Central African Republic
20%
Chad
20%
Democratic Republic of the Congo
20%
Denmark
20%
Dominica
20%
Dominican Republic
20%
Ecuador
20%
El Salvador
20%
Estonia
20%
France
20%
Germany
20%
Ghana
20%
Guinea
20%
Haiti
20%
Hungary
20%
Indonesia
20%
Iran
20%
Iraq
20%
Ireland
20%
Israel
20%
Jordan
20%
Kenya
20%
Kiribati
20%
Kosovo
20%
Kuwait
20%
Latvia
20%
Lithuania
20%
Maldives
20%
Mali
20%
Malta
20%
Moldova
20%
Montenegro
20%
Nauru
20%
Netherlands
20%
New Zealand
20%
Niger
20%
Nigeria
20%
North Korea
20%
North Macedonia
20%
Oman
20%
Pakistan
20%
Palau
20%
Panama
20%
Paraguay
20%
Philippines
20%
Poland
20%
Republic of the Congo
20%
Romania
20%
Rwanda
20%
San Marino
20%
Saudi Arabia
20%
Singapore
20%
Slovakia
20%
Slovenia
20%
South Africa
20%
South Korea
20%
Switzerland
20%
Taiwan
20%
Tonga
20%
Trinidad and Tobago
20%
Uganda
20%
Ukraine
20%
United Arab Emirates
20%
Uruguay
20%
Vatican City
20%
Yemen
20%
Zambia
20%
Zimbabwe
20%
Cambodia
0%
Cape Verde
0%
Comoros
0%
Djibouti
0%
Equatorial guinea
0%
Eritrea
0%
Eswatini
0%
Ethiopia
0%
Gabon
0%
Gambia
0%
Georgia
0%
Grenada
0%
Guinea-Bissau
0%
India
0%
Ivory Coast
0%
Jamaica
0%
Kazakhstan
0%
Kyrgyzstan
0%
Laos
0%
Lebanon
0%
Madagascar
0%
Malaysia
0%
Mauritania
0%
Mauritius
0%
Micronesia
0%
Mongolia
0%
Mozambique
0%
Myanmar
0%
Namibia
0%
Nepal
0%
Papua New Guinea
0%
Saint Kitts and Nevis
0%
Saint Lucia
0%
Saint Vincent and the grenadines
0%
São Tomé and Príncipe
0%
Senegal
0%
Seychelles
0%
Sierra Leone
0%
Solomon Islands
0%
Somalia
0%
UNRECOGNIZED Somaliland
0%
South Sudan
0%
Sri Lanka
0%
Sudan
0%
Syria
0%
Tajikistan
0%
Tanzania
0%
Thailand
0%
Timor leste
0%
Tunisia
0%
Türkiye
0%
Turkmenistan
0%
Tuvalu
0%
Uzbekistan
0%
Vanuatu
0%
Vietnam
0%
No matching quizzes found
Score Distribution
Percent of People with Each Score
Percentile by Number Answered
Your Score History
You have not taken this quiz